Online Catalogue and eLibrary

Hard earned wages (Record no. 2728)

MARC details
000 -LEADER
fixed length control field 00423nam a2200169Ia 4500
005 - DATE AND TIME OF LATEST TRANSACTION
control field 20240426012241.0
008 - FIXED-LENGTH DATA ELEMENTS--GENERAL INFORMATION
fixed length control field 240331s9999 xx 000 0 und d
020 ## - INTERNATIONAL STANDARD BOOK NUMBER
ISBN 0889610819
082 ## - DDC Classification
Item Number - Author Mark PEN
Class No. 331.4
100 ## - MAIN ENTRY--PERSONAL NAME
Personal name Penney, Jennifer
245 #0 - TITLE STATEMENT
Title Hard earned wages
Statement of responsibility, etc. Jennifer, Penney
260 ## - PUBLICATION, DISTRIBUTION, ETC.
Place of publication, distribution, etc. Canada
Name of publisher, distributor, etc. Women's Educational Press
Date of publication, distribution, etc. 1983
300 ## - PHYSICAL DESCRIPTION
Extent (e.g. Volumes, Pages etc.) 241, p .,
650 ## - SUBJECT ADDED ENTRY--TOPICAL TERM
Topical term or geographic name entry element Woman
650 ## - SUBJECT ADDED ENTRY--TOPICAL TERM
Topical term or geographic name entry element Employment
942 ## - Koha item type (Biblio)
Koha item type Books in Stacks (Lending)
Holdings
Lost status Damaged status Collection code Home library Current library Shelving location Date acquired Full call number Accession Number Item type
    Lending WERC Library WERC Library Social Science Cupboard 03/31/2024 331.4 PEN 257 Books in Stacks (Lending)

© WERC Library